000
00277nam a2200109Ia 4500
008
210430s9999 xx 000 0 und d
082
_a
813.6 D167K
100
_a
Mushtaq Ahmad Yousfi
_9
54600
245
_a
Khakim Badan
_c
Mushtaq Ahmad Yousfi
300
_a
215
942
_c
BK
_2
ddc
999
_c
565226
_d
565226